[Event "Olympiad w"]
[Site "Bled SLO"]
[Date "2002.11.07"]
[Round "12"]
[White "Mira,H"]
[Black "Tallova,I"]
[Result "0-1"]
[WhiteElo "2129"]
[BlackElo "2153"]

1.Nf3 d5 2.d4 Nf6 3.c4 dxc4 4.e3 e6 5.Bxc4 c5 6.O-O a6 7.Bb3 b5 8.a4 c4 9.Bc2 Bb7
10.Qe2 Nbd7 11.e4 Be7 12.Na3 Nb6 13.Bd2 Nxa4 14.Nxc4 O-O 15.Ba5 Qe8 16.e5 Nd5
17.Nd6 Bxd6 18.exd6 Qd7 19.Ng5 h6 20.Ne4 f5 21.Nc5 Nxc5 22.dxc5 Nf4 23.Qe5 Nxg2
24.Bb3 Rae8 25.f3 Nh4 26.Qg3 g5 27.Rae1 Rf6 28.Bc3 Rg6 29.Qe5 Kh7 30.Bd1 g4
31.fxg4 Qc6 32.Kf2 Ng2 33.gxf5 Rg5 34.Ke2 exf5 35.Kd2 Nxe1 36.Qf6 Qd5+ 37.Kc1 Nd3+
38.Kb1 Nxc5 39.Bc2 Ne4 40.Bxe4 Qxe4+ 41.Kc1 Qe3+ 42.Kb1 Qd3+ 43.Ka2 Bd5+
44.b3 Rg2+ 45.Ka3 b4+  0-1

[Event "Olympiad w"]
[Site "Bled SLO"]
[Date "2002.11.08"]
[Round "13"]
[White "Donaldson A.,E"]
[Black "Swathi,G"]
[Result "1-0"]
[WhiteElo "2375"]
[BlackElo "2247"]

1.d4 d5 2.c4 dxc4 3.e3 e6 4.Bxc4 Nf6 5.Nf3 c5 6.O-O a6 7.dxc5 Qxd1 8.Rxd1 Bxc5
9.b3 Nbd7 10.Bb2 b6 11.Nbd2 Bb7 12.Be2 O-O 13.Nc4 b5 14.Nce5 Nb6 15.Nd4 Rac8
16.Rac1 Nfd5 17.Ndc6 Bd6 18.g3 f6 19.Na5 Bxe5 20.Bxe5 fxe5 21.Nxb7 Nc3 22.Bg4 Rf6
23.Rd8+ Rxd8 24.Nxd8 Nbd5 25.e4 Nxe4 26.Bxe6+ Rxe6 27.Nxe6 Nec3 28.Kg2 Nxa2
29.Re1 Ndc3 30.Rxe5 Nc1 31.Nc5 a5 32.Re8+ Kf7 33.Ra8 Ke7 34.Rxa5 Kd6 35.b4 N1a2
36.Ne4+ Kd5 37.Nxc3+ Nxc3 38.Ra7  1-0

[Event "ch-POL sf"]
[Site "Lubniewice POL"]
[Date "2002.11.30"]
[Round "1"]
[White "Bronowicki,M"]
[Black "Tomczak,Raf"]
[Result "0-1"]
[WhiteElo "2123"]
[BlackElo "2313"]

1.d4 d5 2.c4 dxc4 3.Nf3 Nf6 4.e3 e6 5.Bxc4 c5 6.O-O a6 7.a4 Nc6 8.Qe2 cxd4
9.Rd1 d3 10.Bxd3 Qc7 11.Nc3 Bd7 12.e4 Ng4 13.h3 Nd4 14.Qe1 Nxf3+ 15.gxf3 Qh2+
16.Kf1 Qxh3+ 17.Ke2 Ne5 18.Qh1 Qxh1 19.Rxh1 Nxd3 20.Kxd3 f6 21.Be3 Kf7 22.Ke2 Bc6
23.Rhb1 Bb4 24.Na2 Bd6 25.Nc1 Rac8 26.b4 b5 27.a5 f5 28.exf5 exf5 29.f4 Be4
30.Rb2 g5 31.f3 Bd5 32.Nd3 Bc4 33.Rd1 gxf4 34.Bd4 Rhe8+ 35.Kf2 Bxd3 36.Rxd3 Be7
37.Rd1 Rc4 38.Kf1 Rd8 39.Rbd2 Bxb4  0-1

[Event "SFch-NED w"]
[Site "Leeuwarden NED"]
[Date "2002.12.06"]
[Round "2.1"]
[White "Bensdorp,M"]
[Black "Bensdorp,L"]
[Result "1/2-1/2"]
[WhiteElo "2159"]
[BlackElo "2074"]

1.d4 d5 2.c4 dxc4 3.e3 e6 4.Bxc4 c5 5.Nf3 Nf6 6.O-O Nc6 7.Nc3 Be7 8.a3 O-O
9.dxc5 Bxc5 10.b4 Bd6 11.Bb2 Ne5 12.Nxe5 Bxe5 13.Qb3 Bd7 14.f4 Bc7 15.Rad1 Qe7
16.h3 Bb6 17.Ne2 Rac8 18.Bxf6 gxf6 19.Rf3 Kh8 20.Kh2 Bc6 21.Rg3 Rg8 22.b5 Rxg3
23.Nxg3 Be8 24.Ne4 e5 25.Nd6 Rd8 26.Nf5 Qf8 27.Rxd8 Bxd8 28.Qd3 Bc7 29.g3 Qc5
30.a4 a6 31.h4 Qb4 32.bxa6 bxa6 33.Bxa6 Qxa4 34.Bb7 Bd7 35.Bd5 exf4 36.exf4 Bxf4
37.gxf4 Qxf4+ 38.Ng3 Qxh4+ 39.Kg1 Be6 40.Be4 Kg7 41.Qf3 Qg4 42.Qg2 Kh8 43.Qf2 Kg7
44.Bf3 Qg5 45.Kh2 Qh4+ 46.Kg1 Qg5 47.Kh2 Qh4+ 48.Kg1  1/2-1/2

[Event "ch-POL sf"]
[Site "Lubniewice POL"]
[Date "2002.12.07"]
[Round "8"]
[White "Staniszewski,Pi"]
[Black "Tomczak,Raf"]
[Result "1-0"]
[WhiteElo "2441"]
[BlackElo "2313"]

1.Nf3 d5 2.d4 Nf6 3.c4 dxc4 4.e3 e6 5.Bxc4 c5 6.O-O a6 7.dxc5 Bxc5 8.Qxd8+ Kxd8
9.Nbd2 Ke7 10.b3 Nbd7 11.Bb2 Rd8 12.Be2 b6 13.Rfd1 Bb7 14.Ne1 Rac8 15.Nd3 Bd6
16.Nc4 Bb8 17.Rac1 Ke8 18.Ba3 Ne4 19.f3 Nef6 20.e4 Rc6 21.Nb4 Rcc8 22.Nd3 Rc6
23.Nb4 Rcc8 24.Nd6+ Bxd6 25.Rxd6 Rxc1+ 26.Bxc1 Rc8 27.Rd1 a5 28.Nd3 Ba6 29.Be3 Nc5
30.Rc1 Nfd7 31.Kf1 Ke7 32.Nxc5 Bxe2+ 33.Kxe2 Nxc5 34.Bd4 Kd6 35.f4 g6 36.Bf6 Rc6
37.Ke3 h5 38.Rd1+ Kc7 39.Be5+ Kc8 40.Rd6 Rxd6 41.Bxd6 Nb7 42.Bf8 Kd7 43.Kd4 f6
44.a4 Ke8 45.Ba3 Kd7 46.g3 Nd8 47.Kc4 Nf7 48.Kb5 Kc7 49.Be7 f5 50.e5 Kb7
51.h3 Kc7 52.b4 axb4 53.Bxb4 g5 54.Bd2 h4 55.fxg5 hxg3 56.g6 g2 57.gxf7 g1=Q
58.f8=Q Qf1+ 59.Kb4 Qb1+ 60.Kc3 Qa1+  1-0

[Event "FSGM Dec"]
[Site "Budapest HUN"]
[Date "2002.12.08"]
[Round "2"]
[White "Lopez Martinez,J"]
[Black "Vajda,S"]
[Result "1/2-1/2"]
[WhiteElo "2437"]
[BlackElo "2365"]

1.d4 d5 2.Nf3 Nf6 3.c4 dxc4 4.e3 e6 5.Bxc4 c5 6.O-O a6 7.Qe2 Nc6 8.Nc3 b5
9.Bb3 b4 10.Na4 cxd4 11.exd4 Be7 12.Be3 O-O 13.Rad1 Nd5 14.Ne5 Bb7 15.Rfe1 Nxe5
16.dxe5 Qc7 17.Bxd5 exd5 18.Qg4 Rfe8 19.Bd4 Bf8 20.Nb6 Rad8 21.Rc1 Qb8 22.Nd7 Bc8
23.Nxb8 Bxg4 24.Nxa6 Rc8 25.Nc7 Red8 26.f3 Bf5 27.g4 Bd3 28.e6 fxe6 29.Nxe6 Re8
30.Nxf8 Rxe1+ 31.Rxe1 Kxf8 32.Re5 Bb1 33.Rxd5 Bxa2 34.Rb5 Rc2 35.Rxb4 Bd5
36.Bf2 g5 37.Rb5 Rd2 38.Be3 Rd3 39.Kf2 h6 40.Ke2 Bc4 41.Rc5 Ba6 42.Kf2 Rb3
43.Bd4 Rd3 44.Rf5+ Kg8 45.Bc3 Bb7 46.Rf6 Bd5 47.Be5 Kh7 48.Ke2 Bc4 49.Rc6 Bb5
50.Rc7+ Kg8 51.Kf2 Rd2+ 52.Ke3 Re2+ 53.Kd4 Rxb2 54.Rg7+ Kf8 55.Rg6 Rb3 56.f4 gxf4
57.Rxh6 f3 58.g5 Rb2 59.g6 Rg2 60.g7+ Rxg7  1/2-1/2

[Event "Winter Cup"]
[Site "Bucharest ROM"]
[Date "2002.12.09"]
[Round "9"]
[White "Raceanu,V"]
[Black "Hrzic,I"]
[Result "0-1"]
[WhiteElo "2339"]
[BlackElo "2302"]

1.d4 d5 2.c4 dxc4 3.Nf3 Nf6 4.e3 e6 5.Bxc4 c5 6.O-O a6 7.Bb3 Nc6 8.Nc3 cxd4
9.exd4 Be7 10.Bg5 O-O 11.Re1 Na5 12.Bc2 b5 13.Qd3 g6 14.Ne5 Bb7 15.Rad1 Rc8
16.Qe2 Qd6 17.Bb1 Rfe8 18.a3 Nh5 19.Bxe7 Qxe7 20.Be4 Nf6 21.Bxb7 Nxb7 22.Nd3 Red8
23.Nf4 Rc4 24.Qf3 Rdxd4 25.Nfd5 Nxd5 26.Nxd5 Qg5 27.Nf6+ Kg7 28.Rxd4 Rxd4
29.Ne8+ Kf8 30.Qxb7 Qd2 31.Rf1 Kxe8 32.b4 Rd6 33.g3 Kf8 34.Qc7 Kg7 35.Rc1 e5
36.Qc5 Rf6 37.Rc2 Qd1+ 38.Kg2 e4 39.Qc3 e3  0-1

[Event "Salona Rapid 1hr"]
[Site "Solin-Spilt CRO"]
[Date "2002.12.13"]
[Round "4"]
[White "Kozul,Z"]
[Black "Roschina,T"]
[Result "1-0"]
[WhiteElo "2565"]
[BlackElo "2265"]

1.d4 d5 2.c4 dxc4 3.Nf3 Nf6 4.e3 e6 5.Bxc4 c5 6.O-O a6 7.dxc5 Qxd1 8.Rxd1 Bxc5
9.Be2 Nc6 10.b3 b5 11.Bb2 Bb7 12.Nbd2 Ke7 13.Ng5 Nb4 14.Rdc1 Rac8 15.Ba3 Bd6
16.Bf3 Rxc1+ 17.Rxc1 Bxf3 18.Ndxf3 Rd8 19.Bxb4 Bxb4 20.Ne5 Ke8 21.Ngxf7 Rd2
22.Rc8+ Ke7 23.Rc7+ Ke8 24.h3 Rxa2 25.Nc6 Nd5 26.Rb7 Rc2 27.Nxb4 Nxb4 28.Ng5 Rc1+
29.Kh2 Rc3 30.Nxe6 Rxb3 31.Nxg7+ Kd8 32.Ne6+ Kc8 33.Rxh7 Nd3 34.f4 b4 35.f5 Rb2
36.f6 Rf2 37.f7 b3 38.Nf4  1-0

[Event "FSGM Dec"]
[Site "Budapest HUN"]
[Date "2002.12.14"]
[Round "8"]
[White "Szeberenyi,A"]
[Black "Vajda,S"]
[Result "1/2-1/2"]
[WhiteElo "2367"]
[BlackElo "2365"]

1.d4 d5 2.c4 dxc4 3.Nf3 Nf6 4.e3 e6 5.Bxc4 c5 6.O-O a6 7.Bb3 Nc6 8.Qe2 Qc7
9.Nc3 Bd6 10.dxc5 Bxc5 11.h3 O-O 12.e4 Nh5 13.Be3 Nf4 14.Qd2 Bxe3 15.Qxe3 Rd8
16.Rfd1 Bd7 17.Rac1 Ng6 18.Na4  1/2-1/2

[Event "Cerrado CEMAR B"]
[Site "Mondariz ESP"]
[Date "2002.12.23"]
[Round "9"]
[White "Tallarico Tallarico,O"]
[Black "Ivanov,J"]
[Result "1/2-1/2"]
[WhiteElo "2216"]
[BlackElo "2429"]

1.d4 d5 2.Nf3 Nf6 3.c4 dxc4 4.e3 e6 5.Bxc4 c5 6.O-O a6 7.dxc5 Qxd1 8.Rxd1 Bxc5
9.a3 Nbd7 10.b4 Be7 11.Bb2 b5 12.Bb3 Bb7 13.Nbd2 O-O 14.Rac1  1/2-1/2

[Event "38th Junior"]
[Site "Hallsberg SWE"]
[Date "2002.12.28"]
[Round "1"]
[White "Palo,D"]
[Black "Tomczak,Raf"]
[Result "1/2-1/2"]
[WhiteElo "2489"]
[BlackElo "2313"]

1.d4 d5 2.Nf3 Nf6 3.c4 dxc4 4.e3 e6 5.Bxc4 c5 6.O-O a6 7.dxc5 Bxc5 8.Qxd8+ Kxd8
9.Nbd2 Nbd7 10.b3 Ke7 11.Bb2 b6 12.Rfd1 Bb7 13.Be2 Rhd8 14.Ne1 Kf8 15.Nd3 Be7
16.Rac1 Rac8 17.Nc4 Nd5 18.e4 N5f6 19.f3 b5 20.Na5 Ba8 21.b4 Ne8 22.Bd4 e5
23.Be3 Nd6 24.Rxc8 Rxc8 25.Nc5 Nxc5 26.Bxc5 Nb7 27.Bxe7+ Kxe7 28.Nb3 Rc2
29.Rd2 Rxd2 30.Nxd2 Nd8 31.Kf2 Nc6 32.a3 Nd4 33.Bd1 Bc6 34.Ke3 Kd6 35.Nb3 Ne6
36.g3 f6 37.Be2  1/2-1/2

[Event "9th Open"]
[Site "Bosnjaci CRO"]
[Date "2003.01.03"]
[Round "1"]
[White "Loncar,R"]
[Black "Vidackovic,B"]
[Result "1-0"]
[WhiteElo "2439"]
[BlackElo "1946"]

1.d4 d5 2.c4 dxc4 3.Nf3 e6 4.e3 Nf6 5.Bxc4 c5 6.O-O Nc6 7.Nc3 Be7 8.a3 a6
9.dxc5 Qxd1 10.Rxd1 Bxc5 11.b4 Be7 12.Bb2 b5 13.Bb3 Bb7 14.Rac1 O-O 15.Ne2 Rfd8
16.Ned4 Nxd4 17.Nxd4 Rac8 18.Rxc8 Rxc8 19.Nxe6 fxe6 20.Bxe6+ Kf8 21.Bxc8 Bxc8
22.Rc1 Bd7 23.Rc7 Ke8 24.Ra7 Bc8 25.Bd4 h6 26.f3 g5 27.Kf2 h5 28.e4 h4 29.Rc7 Bd7
30.Bc5 Bd8 31.Ra7 Nh5 32.Ra8 Bc6 33.Rxa6 Bb7 34.Ra7 Bc6 35.g3 hxg3+ 36.hxg3 g4
37.Rh7 Nf6 38.Rh8+ Kd7 39.e5 Ne8 40.f4 Nc7 41.f5 Bg5 42.e6+ Nxe6 43.Rh7+  1-0

[Event "TCh-FIN 2002-3"]
[Site "Finland FIN"]
[Date "2003.01.11"]
[Round "6"]
[White "Toikka,J"]
[Black "Topi Hulmi,T"]
[Result "1/2-1/2"]
[WhiteElo "2043"]
[BlackElo "2139"]

1.d4 d5 2.c4 dxc4 3.Nf3 Nf6 4.e3 e6 5.Bxc4 c5 6.dxc5 Qxd1+ 7.Kxd1 Bxc5 8.a3 O-O
9.b4 Be7 10.Bb2 a5 11.b5 Nbd7 12.Nbd2 b6 13.Ne5 Nxe5 14.Bxe5 Ng4 15.Bg3 Bb7
16.Ke2 Rac8 17.f3 Nf6 18.e4 Rfd8 19.Rhc1 Nh5 20.Bd3 Nxg3+ 21.hxg3 Rxc1 22.Rxc1 Bxa3
23.Rc7 Bc8 24.Nc4 Bc5 25.e5 Bd4 26.f4 Bd7 27.Nd6 Be8 28.Be4 f6 29.Nxe8 Rxe8
30.Bc6 Rd8 31.exf6 Bxf6 32.Rb7 Bd4 33.Re7 Kf8 34.Rb7 Bc5 35.Ra7 Bb4 36.Be4 Kg8
37.Bd3 Re8 38.Bc4 Kf8 39.Kf3 Re7 40.Ra8+ Kf7 41.f5 Kf6  1/2-1/2

[Event "Odessa Region Open"]
[Site "Odessa UKR"]
[Date "2003.01.11"]
[Round "3"]
[White "Tishin,D"]
[Black "Drozdovskij,Y"]
[Result "1/2-1/2"]
[WhiteElo "2291"]
[BlackElo "2447"]

1.d4 d5 2.c4 dxc4 3.Nf3 Nf6 4.e3 e6 5.Bxc4 c5 6.O-O Nc6 7.a3 cxd4 8.exd4 Be7
9.Nc3 O-O 10.b4 Nd5 11.Ne4 b6 12.Bb2 Bb7 13.Rc1 Rc8 14.Re1 Bf6 15.Nxf6+ Nxf6
16.Rxe6 Ne7 17.Re1 Ned5 18.Qd2 Qd6 19.Ne5 Rc7 20.Bd3 Rxc1 21.Rxc1 Nc7 22.Qe3  1/2-1/2

[Event "National I"]
[Site "Drancy FRA"]
[Date "2003.01.31"]
[Round "1"]
[White "Renet,O"]
[Black "Giffard,N"]
[Result "1-0"]
[WhiteElo "2497"]
[BlackElo "2317"]

1.d4 d5 2.c4 dxc4 3.Nf3 Nf6 4.e3 e6 5.Bxc4 c5 6.O-O a6 7.a4 Nc6 8.Qe2 Qc7
9.Rd1 Bd6 10.dxc5 Bxc5 11.b3 Ng4 12.Bb2 O-O 13.Nbd2 f5 14.h3 Nge5 15.Rac1 Nxc4
16.Nxc4 Qe7 17.Nce5 Nb4 18.Bd4 Bxd4 19.Rxd4 Nd5 20.Qc2 b6 21.e4 fxe4 22.Rxe4 Bb7
23.Rh4 Nf6 24.Rc4 Bd5 25.Rc7 Qb4 26.Qd2 Qxd2 27.Nxd2 Rfd8 28.Ndc4 Rac8 29.Nxb6 Rxc7
30.Rxc7 Bxb3 31.Ra7 h6 32.Rxa6 Rd1+ 33.Kh2 Rd2 34.f3 Nh5 35.Ra8+ Kh7 36.Nbd7 g5
37.Ra7 Kh8 38.a5 Bd5 39.Rc7 Ra2 40.a6 Rxa6 41.g4 Ra2+ 42.Kg1 Ra1+ 43.Kf2 Ra2+
44.Ke1 Ra1+ 45.Kd2 Ra2+ 46.Kc1  1-0

[Event "FSIMB Feb"]
[Site "Budapest HUN"]
[Date "2003.02.01"]
[Round "1"]
[White "Papp,Ge"]
[Black "Goczo,M"]
[Result "1-0"]
[WhiteElo "2368"]
[BlackElo "2222"]

1.d4 d5 2.Nf3 Nf6 3.c4 dxc4 4.e3 e6 5.Bxc4 c5 6.O-O a6 7.Bb3 Nc6 8.Qe2 cxd4
9.Rd1 Be7 10.Nc3 O-O 11.exd4 Nb4 12.Bg5 b6 13.Bxf6 Bxf6 14.d5 exd5 15.Nxd5 Nxd5
16.Bxd5 Ra7 17.Bxf7+ Raxf7 18.Rxd8 Rxd8 19.Rd1 Rdf8 20.h3 Re7 21.Qc4+ Kh8
22.b3 Bb7 23.Rd3 b5 24.Qc5 Kg8 25.Re3 Rd7 26.Qb6 Rd1+ 27.Kh2 Bc8 28.Qc6 Rdd8
29.Re2 h6 30.Nd2 Be5+ 31.Rxe5 Rxd2 32.Re8 Rd8 33.Rxf8+ Rxf8 34.f4 Kh7 35.g4 g6
36.Kg3 Kg7 37.Qc7+ Kg8 38.Qd6 Kg7 39.h4 Rf7 40.h5 gxh5 41.Qe5+ Kh7 42.Qxh5 Rg7
43.f5 Rg5 44.Qf7+ Rg7 45.Qf8 Bd7 46.Kf4  1-0

[Event "Open"]
[Site "Cappelle la Grande FRA"]
[Date "2003.02.22"]
[Round "1"]
[White "Iljushin,A"]
[Black "Dudas,Jan"]
[Result "1/2-1/2"]
[WhiteElo "2537"]
[BlackElo "2341"]

1.d4 d5 2.c4 dxc4 3.Nf3 Nf6 4.e3 e6 5.Bxc4 c5 6.O-O a6 7.Bb3 Nc6 8.Nc3 cxd4
9.exd4 Be7 10.Re1 O-O 11.a3 b5 12.d5 Nxd5 13.Nxd5 exd5 14.Bxd5 Bb7 15.Bf4 Bf6
16.Be5 Bxe5 17.Nxe5 Nxe5 18.Bxb7 Ra7 19.Be4 Nc4 20.Qc2 g6 21.Rad1 Rd7 22.Qc1 Re8
23.Rxd7 Qxd7 24.b3 Nd6 25.Rd1 Qe6 26.Bd3 Nf5  1/2-1/2

[Event "1st Breizh Masters"]
[Site "Guingamp FRA"]
[Date "2003.03.03"]
[Round "4"]
[White "Inkiov,V"]
[Black "Michiels,B"]
[Result "1/2-1/2"]
[WhiteElo "2465"]
[BlackElo "2304"]

1.d4 d5 2.c4 dxc4 3.Nf3 e6 4.e3 Nf6 5.Bxc4 c5 6.O-O a6 7.a4 Nc6 8.Nc3 Be7
9.Qe2 O-O 10.Rd1 Qb6 11.d5 exd5 12.Bxd5 Bg4 13.h3 Bh5 14.Bxc6 Qxc6 15.e4 Rad8
16.Bg5 Rfe8 17.g4 Bg6 18.Ne5 Qe6 19.Nxg6 hxg6 20.Rxd8 Bxd8 21.Rd1 Bc7 22.Bxf6 gxf6
23.Nd5 Bb8 24.Qc2 Kg7 25.Qc3 Qd6 26.Qf3 Qh2+ 27.Kf1 Be5 28.b3 Rh8 29.Rd3 b5
30.axb5 axb5 31.Qg2 Qxg2+ 32.Kxg2 c4 33.bxc4 bxc4 34.Rd2 c3 35.Rc2 Rb8 36.Rc1 Rc8
37.Kf3 Bd4 38.Ke2 c2 39.Kd3 Bxf2 40.Rxc2 Rxc2 41.Kxc2 Bd4 42.Kd3 Be5 43.Ke3 Kh6
44.Kf3 Kg5 45.Nb4 Kh4  1/2-1/2

[Event "Edda Rapid"]
[Site "Reykjavic ISL"]
[Date "2003.03.04"]
[Round "5"]
[White "Bjornsson,T"]
[Black "Thorhallsson,T"]
[Result "1-0"]
[WhiteElo "2272"]
[BlackElo "2441"]

1.d4 d5 2.c4 dxc4 3.Nf3 Nf6 4.e3 e6 5.Bxc4 c5 6.O-O a6 7.a4 cxd4 8.Qe2 Nc6
9.Rd1 d3 10.Bxd3 Qc7 11.Nc3 b6 12.e4 Ng4 13.h3 Nge5 14.Be3 Bd6 15.Rac1 Nxf3+
16.Qxf3 Qb8 17.Nb5 Bh2+ 18.Kh1 Ne5 19.Qe2 Nxd3 20.Qxd3 O-O 21.Nd4 Bb7 22.Nc6 Bxc6
23.Rxc6 Be5 24.Rxb6 Qc7 25.Rc1 Qe7 26.Rxa6 Rxa6 27.Qxa6 Bxb2 28.Rd1 h6 29.a5 Qb4
30.Qb6 Qa4 31.Rd8 Rxd8 32.Qxd8+ Kh7 33.Qb6 Be5 34.f4 Bc3 35.a6 Qxe4 36.a7 f5
37.Qb8 Qxe3 38.a8=Q Qe1+ 39.Kh2 Bb4 40.Qg8+ Kg6 41.Qge8+ Kf6  1-0

[Event "1st Breizh Masters"]
[Site "Guingamp FRA"]
[Date "2003.03.07"]
[Round "8"]
[White "Le Roux,JP"]
[Black "Michiels,B"]
[Result "1-0"]
[WhiteElo "2364"]
[BlackElo "2304"]

1.d4 d5 2.Nf3 Nf6 3.c4 dxc4 4.e3 e6 5.Bxc4 c5 6.O-O a6 7.dxc5 Bxc5 8.Qxd8+ Kxd8
9.Nbd2 Ke7 10.Be2 Rd8 11.Ne5 Nbd7 12.Nd3 Ba7 13.b3 Ke8 14.Ba3 Nb6 15.Rfd1 Bd7
16.Bf3 Nfd5 17.Ne4 Nc8 18.Ne5 Bb8 19.Nxd7 Rxd7 20.Nc5 Rc7 21.Bxd5 exd5 22.Rxd5 Ne7
23.Rd2 Ba7 24.Ne4 h5 25.Rad1 f6 26.h3 b5 27.g4 hxg4 28.hxg4 Bb6 29.Nd6+ Kf8
30.Nf5 Bc5 31.Rc2 Rac8 32.Rxc5 Rxc5 33.Nxe7 Kxe7 34.Rd5  1-0

[Event "FSIMA March"]
[Site "Budapest HUN"]
[Date "2003.03.09"]
[Round "9"]
[White "Papp,Ge"]
[Black "Dovzik,J"]
[Result "1-0"]
[WhiteElo "2368"]
[BlackElo "2400"]

1.d4 d5 2.Nf3 Nf6 3.c4 dxc4 4.e3 e6 5.Bxc4 c5 6.O-O Nc6 7.Nc3 a6 8.Bb3 cxd4
9.exd4 Be7 10.Bg5 O-O 11.Rc1 Nb4 12.Ne5 Nbd5 13.Na4 Bd7 14.Nc5 Bb5 15.Re1 b6
16.a4 Be8 17.Ncd3 Ra7 18.Qf3 h6 19.Bh4 Nh7 20.Bg3 Ng5 21.Qe2 Qa8 22.h4 Nh7
23.Rc2 Qd8 24.Rec1 Bxh4 25.Rc8 Qe7 26.Rxe8 Qxe8 27.Bxh4 Rc7 28.Rxc7 Nxc7
29.Qe4 f6 30.Nc4 b5 31.axb5 axb5 32.Ne3 Rf7 33.d5 f5 34.dxe6  1-0

[Event "Spring Festival WGM"]
[Site "Bucharest ROM"]
[Date "2003.03.11"]
[Round "9"]
[White "Motoc,A"]
[Black "Ionescu Brandis,I"]
[Result "1/2-1/2"]
[WhiteElo "2326"]
[BlackElo "2356"]

1.d4 d5 2.c4 dxc4 3.e3 Nf6 4.Bxc4 e6 5.Nf3 c5 6.O-O a6 7.a4 Nc6 8.Nc3 Qc7
9.Qe2 Bd6 10.Rd1 O-O 11.h3 b6 12.d5 exd5 13.Bxd5 Bb7 14.e4 Rae8 15.Bg5 Nd4
16.Nxd4 Nxd5 17.Nxd5 Bxd5 18.Nf5 Rxe4 19.Qh5 Bh2+ 20.Kh1 f6 21.Rxd5 fxg5
22.Rad1 Be5 23.Qxg5 Bxb2 24.g3 Bd4 25.f3 Ree8 26.Nxd4 cxd4 27.R5xd4 Qc6 28.Qd5+ Qxd5
29.Rxd5 Rxf3 30.Kg2 Ra3 31.Rd8 Rxd8 32.Rxd8+ Kf7 33.Rd7+  1/2-1/2

[Event "Tch-SWE 2002-3"]
[Site "Sweden SWE"]
[Date "2003.03.14"]
[Round "9"]
[White "Niklasson,C"]
[Black "Andersson,M"]
[Result "1-0"]
[WhiteElo "2375"]
[BlackElo "2328"]

1.d4 d5 2.c4 dxc4 3.Nf3 Nf6 4.e3 e6 5.Bxc4 c5 6.O-O a6 7.a4 Nc6 8.Qe2 Qc7
9.Nc3 Bd6 10.h3 O-O 11.Rd1 b6 12.Bd2 Bb7 13.Rac1 Rfd8 14.dxc5 bxc5 15.Bd3 Qb6
16.Ne4 Nxe4 17.Bxe4 Be7 18.Bc3 Nb4 19.a5 Qa7 20.Bb1 Bd5 21.Ne5 f5 22.e4 fxe4
23.Bxe4 Bxe4 24.Qxe4 Bf6 25.Nc6 Nxc6 26.Bxf6 gxf6 27.Qxe6+ Kg7 28.Qxc6 Rac8
29.Qe6 Qb7 30.Rxd8 Rxd8 31.Rc3 Qxb2 32.Qe7+  1-0

[Event "TCh-FIN 2002-3"]
[Site "Finland FIN"]
[Date "2003.03.15"]
[Round "8"]
[White "Fieandt,J"]
[Black "Lindqvist,TE"]
[Result "1-0"]
[WhiteElo "2181"]
[BlackElo "2232"]

1.d4 d5 2.Nf3 Nf6 3.c4 dxc4 4.e3 e6 5.Bxc4 c5 6.O-O a6 7.Bb3 b5 8.Qe2 Bb7
9.a4 Nbd7 10.e4 cxd4 11.Nxd4 Bc5 12.Be3 Qb6 13.Rd1 bxa4 14.Bxa4 Bxe4 15.Nc3 Bb7
16.b4 Bxb4 17.Nc2 Bc5 18.Rab1 Qc7 19.Rxb7 Qxb7 20.Bxc5 Rc8 21.Ne4 Nxe4 22.Rxd7 Qxd7
23.Bxd7+ Kxd7 24.Qd3+ Kc6 25.Be7 f5 26.f3 Nc5 27.Qc3 Kb6 28.Qb4+  1-0

[Event "Tch-SWE 2002-3"]
[Site "Sweden SWE"]
[Date "2003.03.16"]
[Round "11"]
[White "Vernersson,P"]
[Black "Hjelm,N"]
[Result "1/2-1/2"]
[WhiteElo "2391"]
[BlackElo "2323"]

1.d4 d5 2.c4 dxc4 3.e3 e6 4.Bxc4 Nf6 5.Nf3 c5 6.O-O a6 7.Bb3 Nc6 8.Qe2 cxd4
9.Rd1 d3 10.Rxd3 Qc7 11.Nc3 Bd6 12.e4 Ng4 13.g3 O-O  1/2-1/2

[Event "TCh-BEL 2002-3"]
[Site "Belgium BEL"]
[Date "2003.03.23"]
[Round "11"]
[White "Piceu,T"]
[Black "Michiels,B"]
[Result "1/2-1/2"]
[WhiteElo "2228"]
[BlackElo "2304"]

1.d4 d5 2.c4 dxc4 3.Nf3 Nf6 4.e3 e6 5.Bxc4 c5 6.O-O a6 7.Bb3 Nbd7 8.Nc3 b5
9.e4 cxd4 10.Nxd4 Bb7 11.Re1 Ne5 12.Bf4 Ng6 13.Bg3 Bc5 14.Nf3 O-O 15.e5 Nh5
16.Ne4 Bxe4 17.Rxe4 Nxg3 18.hxg3 Qxd1+ 19.Rxd1 Rfd8 20.Ree1 Bb4 21.Rxd8+ Rxd8
22.Rc1  1/2-1/2

[Event "ch-VIE"]
[Site "Dong Thap VIE"]
[Date "2003.04.01"]
[Round "13"]
[White "Bui Vinh"]
[Black "Dao Thien Hai"]
[Result "1-0"]
[WhiteElo "2461"]
[BlackElo "2560"]

1.d4 d5 2.c4 dxc4 3.Nf3 Nf6 4.e3 e6 5.Bxc4 c5 6.O-O a6 7.a4 Nc6 8.Nc3 Be7
9.Qe2 O-O 10.Rd1 Qc7 11.h3 b6 12.dxc5 Bxc5 13.e4 Nd7 14.Bg5 Bb7 15.Kh1 Rfc8
16.Bh4 Nf8 17.Bg3 Qe7 18.e5 Nb4 19.Ne4 Bd5 20.Bxd5 Nxd5 21.Nd6 Bxd6 22.exd6 Qb7
23.Ng5 b5 24.axb5 axb5 25.Rxa8 Rxa8 26.Kh2 b4 27.Rc1 Rc8 28.Rxc8 Qxc8 29.Qb5 Qd8
30.Nf3 Qd7 31.Qc5 Qb7 32.Ne5 Nd7 33.Qa5  1-0

[Event "Seniorsko"]
[Site "Nisa YUG"]
[Date "2003.04.11"]
[Round "3"]
[White "Djordjevic,N"]
[Black "Djukic,Z YUG"]
[Result "1/2-1/2"]
[WhiteElo "2261"]
[BlackElo "2423"]

1.d4 Nf6 2.Nf3 c5 3.e3 d5 4.c4 dxc4 5.Bxc4 e6 6.O-O a6 7.dxc5 Qxd1 8.Rxd1 Bxc5
9.a3 b5 10.Be2 Bb7 11.b4 Be7 12.Bb2 Nbd7 13.Nbd2 O-O 14.Rac1  1/2-1/2

[Event "XXI Open"]
[Site "Metz FRA"]
[Date "2003.04.21"]
[Round "3"]
[White "Shchekachev,A"]
[Black "Wiley,To"]
[Result "0-1"]
[WhiteElo "2592"]
[BlackElo "2319"]

1.Nf3 d5 2.d4 Nf6 3.c4 dxc4 4.e3 e6 5.Bxc4 c5 6.O-O a6 7.a4 b6 8.Qe2 Bb7
9.Rd1 Nbd7 10.Nc3 Qb8 11.d5 exd5 12.Nxd5 Nxd5 13.Bxd5 Bxd5 14.Rxd5 Be7 15.e4 Qb7
16.Bg5 Bxg5 17.Nxg5 O-O 18.Rad1 Nf6 19.Rd6 h6 20.e5 Rae8 21.Nf3 Re7 22.Qd3 Ng4
23.Re1 Rfe8 24.Rd8 Qc7 25.Rxe8+ Rxe8 26.Qf5 h5 27.Qxh5 Nh6 28.e6 Qc6 29.Ng5 f6
30.Nf7 Rxe6 31.Nxh6+ gxh6 32.Qg6+ Kf8 33.Qxh6+ Kf7 34.Qh7+ Kf8 35.Rd1 Qxa4
36.Qh8+ Kf7 37.Qh5+ Kf8 38.h4 Qe8 39.Qh6+ Kf7 40.Qh7+ Kf8 41.Kh2 Re2 42.Rd7 Qe5+
43.Kh3 Qe6+ 44.g4 Re3+ 45.Kh2 Qe5+ 46.Kg2 Qe4+ 47.Qxe4 Rxe4 48.f3 Re2+ 49.Kg3 Rxb2
50.h5 c4 51.Rc7 b5 52.Kf4 Rf2 53.Ke3 Rc2 54.Ke4 c3 55.Kf5 b4 56.Kxf6 Ke8
57.h6 Rh2 58.g5 Kd8 59.Rc4 a5 60.Kf5 b3 61.Rxc3 a4 62.Rd3+ Kc7 63.Rc3+ Kd6
64.Rd3+ Kc5 65.Rc3+ Kd4 66.Rc8 b2 67.Rb8 a3 68.g6 Rh5+  0-1

[Event "Commonwealth Ch"]
[Site "Mumbai IND"]
[Date "2003.04.24"]
[Round "7"]
[White "Prakash,G"]
[Black "Sherbakov,R"]
[Result "1/2-1/2"]
[WhiteElo "2431"]
[BlackElo "2557"]

1.d4 d5 2.c4 dxc4 3.Nf3 Nf6 4.e3 e6 5.Bxc4 c5 6.O-O Nc6 7.dxc5 Bxc5 8.Qxd8+ Kxd8
9.a3 Bd6 10.Nbd2 Ke7 11.b3 Ne5 12.Be2 Rd8 13.Rd1 Nxf3+ 14.Bxf3 Be5 15.Ra2 Nd5
16.Rc2 b5 17.Ne4 a5 18.Nc5 b4 19.e4 Nb6 20.Rxd8 Kxd8 21.axb4 axb4 22.g3 Ra1
23.Kg2 Nd7 24.Bg5+ Bf6 25.Bxf6+ gxf6 26.Nxd7 Bxd7 27.Rc4  1/2-1/2

[Event "Capablanca Mem Mixto"]
[Site "Havana CUB"]
[Date "2003.05.07"]
[Round "2"]
[White "Perea,O"]
[Black "Vasquez Ramirez,R"]
[Result "1-0"]
[WhiteElo "2388"]
[BlackElo "2269"]

1.d4 d5 2.c4 dxc4 3.Nf3 Nf6 4.e3 e6 5.Bxc4 c5 6.O-O a6 7.Bd3 Nc6 8.Nc3 Bd7
9.a3 Rc8 10.Re1 b5 11.dxc5 Bxc5 12.b4 Bb6 13.Bb2 O-O 14.Qe2 Qe7 15.Red1 Rfd8
16.Rac1 e5 17.Ne4 Bg4 18.Nxf6+ gxf6 19.h3 Bh5 20.Be4 Nb8 21.Rxd8+ Rxd8 22.Qc2 Bg6
23.Nh4 a5 24.Nf5 Qd7 25.g4 axb4 26.axb4 h5 27.Kg2 Kf8 28.Bc3 Rc8 29.Qe2 Rc4
30.Qd3 Qc7 31.gxh5 Bxh5 32.Nd6 Rxe4 33.Nxe4 Qb7 34.Qd6+ Kg8 35.f3 Bxf3+ 36.Kxf3 f5
37.Rg1+ Kh7 38.Qxe5 Qxe4+ 39.Qxe4 fxe4+ 40.Kxe4 f5+ 41.Kxf5  1-0

[Event "Capablanca Mem Mixto"]
[Site "Havana CUB"]
[Date "2003.05.09"]
[Round "4"]
[White "Perea,O"]
[Black "Montalvo,A"]
[Result "1-0"]
[WhiteElo "2388"]
[BlackElo "2281"]

1.d4 d5 2.c4 dxc4 3.Nf3 Nf6 4.e3 e6 5.Bxc4 c5 6.O-O a6 7.a4 Nc6 8.Qe2 cxd4
9.Rd1 Qc7 10.exd4 Be7 11.Nc3 O-O 12.Bg5 Nb4 13.Rac1 Qa5 14.Ne5 Nfd5 15.Bxe7 Nxe7
16.Bb3 Qd8 17.Ne4 Ned5 18.Nc3 b6 19.Nxd5 Nxd5 20.Nc6 Nf4 21.Qe5 Qf6 22.Qxf6 gxf6
23.Ne7+ Kg7 24.Rc7 Rd8 25.g3 Ng6 26.d5 Nxe7 27.Rxe7 Rd6 28.Kg2 e5 29.f4 exf4
30.gxf4 Bf5 31.Rc1 Rc8 32.Rxc8 Bxc8 33.Rc7 Bd7 34.Kf3 f5 35.Ke3 Kf8 36.a5 Ke8
37.Kd4 Rh6 38.Rb7 bxa5 39.Kc5 Bb5 40.d6 Rxh2 41.Bxf7+ Kd8 42.Be6 Rc2+ 43.Kd4  1-0

[Event "Kings Cup"]
[Site "Bucharest ROM"]
[Date "2003.05.20"]
[Round "3"]
[White "Dumitrache,D"]
[Black "Bets,A"]
[Result "1-0"]
[WhiteElo "2475"]
[BlackElo "2360"]

1.d4 d5 2.c4 e6 3.Nf3 c6 4.e3 Nf6 5.Bd3 dxc4 6.Bxc4 c5 7.O-O a6 8.Bb3 b5
9.a4 b4 10.Nbd2 cxd4 11.exd4 Be7 12.a5 O-O 13.Nc4 Bb7 14.Nfe5 Nbd7 15.Ba4 Nxe5
16.dxe5 Qd5 17.Qxd5 Nxd5 18.Bd2 Rfd8 19.Rfc1 Rac8 20.Kf1 Kf8 21.g3 Rc5 22.Ke2 Nc3+
23.bxc3 Rxc4 24.cxb4 Re4+ 25.Be3 Rxb4 26.Rc7 Rb2+ 27.Kf1 Bf3 28.Rxe7 Rdb8
29.Rc7 Rd8 30.Rac1 h6 31.Rc8 Rb8 32.Rxd8+ Rxd8 33.Bb6 Rb8 34.Bd7 Bd5 35.Rc8+ Rxc8
36.Bxc8 Bc4+ 37.Ke1 f6 38.f4 fxe5 39.fxe5 Kf7 40.Kd2 Ke7 41.Kc3 Bf1 42.Kd4 Be2
43.Kc5 Bb5 44.Bc7 Bf1 45.Kb6  1-0